WHY? : (Record no. 203665)

MARC details
000 -LEADER
fixed length control field 01279nam a2200349 ia4500
003 - CONTROL NUMBER IDENTIFIER
control field OSt
005 - DATE AND TIME OF LATEST TRANSACTION
control field 20260414154308.0
008 - FIXED-LENGTH DATA ELEMENTS--GENERAL INFORMATION
fixed length control field 260405s2025 my a jr6 000 1 may d
020 ## - INTERNATIONAL STANDARD BOOK NUMBER
International Standard Book Number 9789673764013
Terms of availability RM23.90
Qualifying information paperback
040 ## - CATALOGING SOURCE
Original cataloging agency PPAK
Language of cataloging eng
Transcribing agency PPAK
Description conventions rda
041 1# - LANGUAGE CODE
Language code of text/sound track or separate title may
Language code of original kor
082 04 - DEWEY DECIMAL CLASSIFICATION NUMBER
Edition number 23
Classification number 741.5
090 00 - LOCALLY ASSIGNED LC-TYPE CALL NUMBER (OCLC); LOCAL CALL NUMBER (RLIN)
Classification number (OCLC) (R) ; Classification number, CALL (RLIN) (NR) 741.5
Feature heading CHO
Feature heading K
100 1# - MAIN ENTRY--PERSONAL NAME
Personal name Cho, Young Seon,
Relator term author.
245 10 - TITLE STATEMENT
Title WHY? :
Remainder of title Makanan dan Nutrisi /
Statement of responsibility, etc. Ditulis oleh Cho Young Seon ; Diilustrasi oleh Lee Yeong Ho ; Diterjemahkan oleh Adila Rozamaria Ahmad Rosli
246 38 - VARYING FORM OF TITLE
Title proper/short title Komik STEM :
Remainder of title WHY? : makanan dan nutrisi.
Number of part/section of a work 15
264 #1 - PRODUCTION, PUBLICATION, DISTRIBUTION, MANUFACTURE, AND COPYRIGHT NOTICE
Place of production, publication, distribution, manufacture Petaling Jaya, Selangor :
Name of producer, publisher, distributor, manufacturer Orbit Buku Sdn. Bhd.,
Date of production, publication, distribution, manufacture, or copyright notice [2025?]
300 ## - PHYSICAL DESCRIPTION
Extent 159 pages :
Other physical details colour illustrations ;
Dimensions 21 cm
336 ## - CONTENT TYPE
Content type term text
Source rdacontent
337 ## - MEDIA TYPE
Media type term unmediated
Source rdamedia
338 ## - CARRIER TYPE
Carrier type term volume
Source rdacarrier
490 1# - SERIES STATEMENT
Series statement KOMIK STEM
546 ## - LANGUAGE NOTE
Language note Text in Malay, translated from Korean.
650 10 - SUBJECT ADDED ENTRY--TOPICAL TERM
Topical term or geographic name entry element Comic books, strips, etc
Topical term or geographic name entry element Comic books and children
Topical term or geographic name entry element Science fiction
General subdivision Comic books, strips, etc
Topical term or geographic name entry element Nutrition
General subdivision Comic books, strips, etc
700 1# - ADDED ENTRY--PERSONAL NAME
Personal name Lee, Yeong Ho,
Relator term illustrator.
Personal name Adila Rozamaria Ahmad Rosli,
Relator term translator.
830 #0 - SERIES ADDED ENTRY--UNIFORM TITLE
Uniform title Komik STEM
942 ## - ADDED ENTRY ELEMENTS (KOHA)
Source of classification or shelving scheme Dewey Decimal Classification
Koha item type Book
Holdings
Withdrawn Not for loan Current library Shelving location Date acquired Total Checkouts Full call number Barcode Date last seen Koha item type
    Perpustakaan Alor Setar Pinjaman Kanak-kanak 05/04/2026   K 741.5 CHO A01906138 05/04/2026 Book
    Perpustakaan Awam Sungai Petani Pinjaman Kanak-kanak 05/04/2026   K 741.5 CHO A01906139 05/04/2026 Book
    Perpustakaan Baling Pinjaman Kanak-kanak 05/04/2026   K 741.5 CHO A01906143 05/04/2026 Book
    Perpustakaan Bandar Baharu Pinjaman Kanak-kanak 05/04/2026   K 741.5 CHO A01906144 05/04/2026 Book
    Perpustakaan Jitra Pinjaman Kanak-kanak 05/04/2026   K 741.5 CHO A01906140 05/04/2026 Book
    Perpustakaan Kuala Nerang Pinjaman Kanak-kanak 05/04/2026   K 741.5 CHO A01906148 05/04/2026 Book
    Perpustakaan Kulim Pinjaman Kanak-kanak 05/04/2026   K 741.5 CHO A01906142 05/04/2026 Book
    Perpustakaan Langkawi Pinjaman Kanak-kanak 05/04/2026   K 741.5 CHO A01906141 05/04/2026 Book
    Perpustakaan Merbok Pinjaman Kanak-kanak 05/04/2026   K 741.5 CHO A01906145 05/04/2026 Book
    Perpustakaan Pendang Pinjaman Kanak-kanak 05/04/2026   K 741.5 CHO A01906149 05/04/2026 Book
    Perpustakaan Sik Pinjaman Kanak-kanak 05/04/2026   K 741.5 CHO A01906147 05/04/2026 Book
    Perpustakaan Yan Pinjaman Kanak-kanak 05/04/2026   K 741.5 CHO A01906146 05/04/2026 Book
    PD02, Kg. Banggol Besi, Pendang Pinjaman Kanak-kanak 05/04/2026   K 741.5 CHO A01906150 05/04/2026 Book
    PD06, Kg. Kepala Bukit, Pendang Pinjaman Kanak-kanak 05/04/2026   K 741.5 CHO A01906151 05/04/2026 Book
    PD07, Kg. Jelutong, Sik Pinjaman Kanak-kanak 05/04/2026   K 741.5 CHO A01906152 05/04/2026 Book
    PD08, Felda Gunung Bongsu, Kulim Pinjaman Kanak-kanak 05/04/2026   K 741.5 CHO A01906153 05/04/2026 Book
    PD12, Kg. Padang, Baling Pinjaman Kanak-kanak 05/04/2026   K 741.5 CHO A01906154 05/04/2026 Book
    PD16, Kg. Jelai, Pendang Pinjaman Kanak-kanak 05/04/2026   K 741.5 CHO A01906155 05/04/2026 Book
    PD17, Kg. Binjul, Kuala Ketil Pinjaman Kanak-kanak 05/04/2026   K 741.5 CHO A01906156 05/04/2026 Book
    PD18, Kg. Wang Tepus, Jitra Pinjaman Kanak-kanak 05/04/2026   K 741.5 CHO A01906157 05/04/2026 Book
    PD20, Felda Lubuk Merbau, Pendang Pinjaman Kanak-kanak 05/04/2026   K 741.5 CHO A01906158 05/04/2026 Book
    PD21, Kg. Tengah, Jerlun Pinjaman Kanak-kanak 05/04/2026   K 741.5 CHO A01906159 05/04/2026 Book
    PD24, Felda Bukit Tangga, Bukit Kayu Hitam Pinjaman Kanak-kanak 05/04/2026   K 741.5 CHO A01906160 05/04/2026 Book
    PD29, Kg. Gajah Putih, Sik Pinjaman Kanak-kanak 05/04/2026   K 741.5 CHO A01906161 05/04/2026 Book
    PD30, Bandar Baru Beris Jaya, Sik Pinjaman Kanak-kanak 05/04/2026   K 741.5 CHO A01906162 05/04/2026 Book
    PD33, Kg. Belau, Merbok Pinjaman Kanak-kanak 05/04/2026   K 741.5 CHO A01906163 05/04/2026 Book
    PD35, Kg. Sungai Daun, Yan Pinjaman Kanak-kanak 05/04/2026   K 741.5 CHO A01906164 05/04/2026 Book
    PD37, Kg. Belat, Pendang Pinjaman Kanak-kanak 05/04/2026   K 741.5 CHO A01906165 05/04/2026 Book
    PD38, KEDA Tanjung Setol, Pendang Pinjaman Kanak-kanak 05/04/2026   K 741.5 CHO A01906166 05/04/2026 Book
    PD39, Felda Bukit Tembaga, Kuala Nerang Pinjaman Kanak-kanak 05/04/2026   K 741.5 CHO A01906167 05/04/2026 Book